Забута перемога. Кримська операція Петра Болбочана 1918 року (Запис № 17497)

000 -Маркер запису
Контрольне поле сталої довжини 01743nam a22002417a 4500
003 - Належність контрольного номера
Контрольне поле Uzh_bibl
008 - Кодовані дані
Контрольне поле сталої довжини 260423b |||||||| |||| 00| 0 ukr d
020 ## - Індекс ISBN
ISBN 978-617-684-204-0
Ціна 35.00
040 ## - Джерело каталогіз.
Код мови каталог. укр.
041 ## - Код мови видання
Код мови оригіналу українська
Код мови тексту українська
080 ## - Індекс УДК
Індекс УДК 94(477)
090 ## - Шифри
Поличний індекс 94(477)
Авторський знак Г 87
100 ## - Автор
Автор Громенко,Сергій
245 ## - Назва
Назва Забута перемога. Кримська операція Петра Болбочана 1918 року
Фізичний носій Текст
260 ## - Вихідні дані
Місце видання Київ
Видавництво К.І.С.
Дата видання 2018
300 ## - Фізичний опис
Обсяг 266 с.
Ілл./тип відтвор. іл.
520 ## - Анотація
Анотація Забута перемога. Кримська операція Петра Болбочана 1918 року» присвячена спробі Української Народної Республіки у квітні 1918 р. включити до свого складу Кримський півострів, попередньо визволивши його від більшовиків, що раніше узурпували там владу. У книзі розповідається про трактування «кримської проблеми» на світовій арені у березні 1917 – квітні 1918 рр., про сили і плани сторін, про хід бойових дій на півострові та про втрачену унікальну можливість приєднати Крим до України ще сто років тому.
521 ## - Примітка про цільове призначення
Примітка про цільове призначення Для широкого кола читача
546 ## - Примітка про мову
Примітка про мову укр.
650 ## - Тематичні рубрики
Основна рубрика Публіцистичне видання
Типове ділення Історична література
653 ## - Ключові слова
Ключові слова Кримський півострів
-- УНР
-- Чонгар
942 ## - ADDED ENTRY ELEMENTS (KOHA)
Джерело класифікації чи схема поличного розташування
Koha item type Книги
Фонди
Статус вилучення Статус втрати/відсутності Джерело класифікації чи схема поличного розташування Статус пошкодження Тип обігу (не для випозичання) Постійне розташування Поточне розташування Розташування у відділі Дата надходження Інвентарний номер Total Checkouts Повний (примірниковий) шифр зберігання Штрих-код Date last seen Дата, для якої чинна ціна заміни Тип одиниці (рівень примірника)
          Публічна бібліотека Публічна бібліотека Абонемент 23/04/2026 70550   94(477) 19338 23/04/2026 23/04/2026 Книги

Працює на АБІС Коха